000 00826nam a2200229 a 4500
001 000024874
005 20200930023424.0
008 110207s1999 ag r 000 0 spa d
020 _a8478082700
040 _aDO-SdBNP
_bspa
_cBNPHU
041 1 7 _aspa
_heng
_2Código de idiomas MARC
082 _ann*
_bnn*
100 1 _aRaja Baba, Prem.
_951050
240 1 4 _aThe joy book.
_lEspañol
245 1 0 _aEl libro de la alegría :
_bel camino del amor incondicional /
_cPrem Raja Baba ; traducción de Víctor Hernández García.
260 _aBuenos Aires :
_bSirio,
_c1999.
300 _a173 p. ;
_c21 cm.
534 _aTítulo original :
_tThe joy book
500 _a"Un método sencillo para crear algría, prosperidad y amor incondicional en tu vida".
700 1 _aHernández García, Víctor,
_etr.
_951051
049 _aBNGR
999 _c24367
_d24367